[Event "Imperia op 25th"]
[Site "Imperia"]
[Date "1983.09.06"]
[Round "4"]
[White "Fiorini, Alessandro"]
[Black "Biondi, Gualtiero"]
[Result "0-1"]
[WhiteElo "1912"]
[BlackElo "1900"]
[PlyCount "93"]
[EventDate "1983.09.03"]
[EventType "swiss"]
[EventRounds "9"]
[EventCountry "ITA"]
[SourceTitle "EXT 2023"]
[Source "ChessBase"]
[SourceDate "2022.10.05"]
[SourceVersion "1"]
[SourceVersionDate "2022.10.05"]
[SourceQuality "1"]

1. e4 d5 2. exd5 Nf6 3. d4 Nxd5 4. c4 Nb6 5. Nc3 c5 6. d5 e6 7. g3 Bd6 8. Bg2 0-0 9. Qd3 exd5 10. cxd5 N8d7 11. Nge2 Ne5 12. Qc2 Bg4 13. 0-0 Bf3 14. Ne4 Bxg2 15. Kxg2 f5 16. Bg5 Qd7 17. N4c3 h6 18. Bf4 Rae8 19. Rad1 g5 20. Bxe5 Rxe5 21. f4 Nc4 22. Qc1 Ne3+ 23. Kh1 Re7 24. fxg5 Nxd1 25. Rxd1 Rfe8 26. gxh6 Rxe2 27. Nxe2 Rxe2 28. Qg5+ Kh7 29. Rf1 Be5 30. Qxf5+ Qxf5 31. Rxf5 Kg6 32. Rf8 Rd2 33. h7 Kxh7 34. Rf7+ Kg6 35. Rxb7 Rxd5 36. Rxa7 Bxb2 37. Rc7 Ba3 38. h4 Rd2 39. g4 Rd4 40. Ra7 Bb4 41. a3 Bc3 42. Rc7 c4 43. Kg2 Rxg4+ 44. Kh3 Rg3+ 45. Kxg3 Be5+ 46. Kf3 Bxc7 47. Ke4 0-1

[Event "Imperia op-A 23rd"]
[Site "Imperia"]
[Date "1981.09.12"]
[Round "7.139"]
[White "Fiorini, Alessandro"]
[Black "Giubbolini, Ilio"]
[Result "0-1"]
[WhiteElo "1900"]
[BlackElo "2013"]
[PlyCount "67"]
[EventDate "1981.09.06"]
[EventType "swiss"]
[EventRounds "8"]
[EventCountry "ITA"]
[SourceTitle "EXT 2024"]
[Source "ChessBase"]
[SourceDate "2023.10.10"]
[SourceVersion "1"]
[SourceVersionDate "2023.10.10"]
[SourceQuality "1"]

1. d4 Nf6 2. Bg5 d5 3. Bxf6 exf6 4. e3 Bf5 5. Nf3 c6 6. Bd3 Bg6 7. 0-0 Bd6 8. c4 dxc4 9. Bxc4 0-0 10. Nc3 Nd7 11. Nh4 Nb6 12. Nxg6 hxg6 13. Bb3 f5 14. Qf3 Qf6 15. d5 c5 16. a3 a6 17. Rab1 Rfe8 18. Rfe1 Re7 19. Re2 Rae8 20. Rbe1 Nd7 21. Rd2 g5 22. Bc2 g6 23. Red1 g4 24. Qe2 Qh8 25. h3 Ne5 26. e4 Nf3+ 27. gxf3 Qxh3 28. f4 Bxf4 29. Qd3 Qh2+ 30. Kf1 fxe4 31. Qc4 Qh1+ 32. Ke2 Qf3+ 33. Ke1 e3 34. fxe3 0-1